000 00387nam a2200133Ia 4500
005 20260622105753.0
008 170106s2009||||xx |||||||||||||| ||und||
020 _a9781420078749
_qhb
082 _a539.725
_bBAR
100 _aBarnes, Ken J.
245 0 _aGroup theory for the standard model of particle physics and beyond
260 _bTaylor & Francis
_c2009
_aBoca Raton
942 _cBK
_2ddc
999 _c6417
_d6417